00536caa a22001572a 4500001000900000003001100009008004300020092001400063100001700077245002800094300001600122500009900138942000900237773011500246999001700361 005661 AR-FADEU 311216n########xxu####################dd a414bH236 aOdden, David aTone: African languages app. 444-465 aEn: The handbook of phonological theory / John A. Goldsmith (ed.). Cambridge : Blackwell, 1995 cBDGR0 011471910111abdCambridgeo03059tTHE HANDBOOK of phonological theoryw( AR-FADEU) 005649xz0-631-18062-1 c11483d11483